History of india : (Record no. 10235)

MARC details
000 -LEADER
fixed length control field 00514cam a2200205ua 4500
001 - CONTROL NUMBER
control field 11404
005 - DATE AND TIME OF LATEST TRANSACTION
control field 20260515114741.0
008 - FIXED-LENGTH DATA ELEMENTS--GENERAL INFORMATION
fixed length control field 190917n ii |||gr||||Z||||||eng
020 ## - INTERNATIONAL STANDARD BOOK NUMBER
International Standard Book Number 9788122911756
040 ## - CATALOGING SOURCE
Transcribing agency MAIN
041 ## - LANGUAGE CODE
Language code of text/sound track or separate title eng
082 ## - DEWEY DECIMAL CLASSIFICATION NUMBER
Classification number 954
100 ## - MAIN ENTRY--PERSONAL NAME
Personal name L Mukherjee,
Relator term Author.
245 ## - TITLE STATEMENT
Title History of india :
Remainder of title Mediaeval period /
Statement of responsibility, etc. By L Mukherjee .
250 ## - EDITION STATEMENT
Edition statement 29th ed rev.
260 ## - PUBLICATION, DISTRIBUTION, ETC.
Place of publication, distribution, etc. Delhi:
Name of publisher, distributor, etc. Surjeet publications,
Date of publication, distribution, etc. 2017.
300 ## - PHYSICAL DESCRIPTION
Extent 352p.
653 ## - INDEX TERM--UNCONTROLLED
Uncontrolled term South Asia India
942 ## - ADDED ENTRY ELEMENTS (KOHA)
Koha item type Books
Holdings
Withdrawn status Lost status Damaged status Not for loan Home library Current library Shelving location Date acquired Total checkouts Full call number Barcode Date last seen Copy number Price effective from Koha item type
        Naharkatiya College Library Naharkatiya College Library General stacks 09/19/2020   954History of india | MUK 27090 09/19/2020 1 09/19/2020 Books
        Naharkatiya College Library Naharkatiya College Library General stacks 09/19/2020   954History of india | MUK 27091 09/19/2020 2 09/19/2020 Books